Investigating seed longevity of big sagebrush (Artemisia tridentata) /

Bibliographic Details
Main Author: Wijayratne, Upekala C.
Corporate Author: Geological Survey (U.S.)
Other Authors: Pyke, David A.
Format: Government Document eBook
Language:English
Published: Reston, Va. : U.S. Geological Survey, 2009.
Series:U.S. Geological Survey open-file report ; 2009-1146.
Subjects:
Online Access:https://purl.fdlp.gov/GPO/LPS115175

MARC

Tag First Indicator Second Indicator Subfields
LEADER 00000cam a2200000Ia 4500
001 in00002416921
005 20211202192155.0
006 m d f
007 cr mn|||||||||
008 090722s2009 vauab sb f000 0 eng d
035 |a (OCoLC)ocn427419076 
040 |a GPO  |c GPO  |d MvI  |d UtOrBLW 
043 |a n-usp-- 
049 |a WWW 
074 |a 0624-H (online) 
086 0 |a I 19.76:2009-1146 
100 1 |a Wijayratne, Upekala C. 
245 1 0 |a Investigating seed longevity of big sagebrush (Artemisia tridentata) /  |c by Upekala C. Wijayratne and David A. Pyke. 
264 1 |a Reston, Va. :  |b U.S. Geological Survey,  |c 2009. 
300 |a iv, 26 pages :  |b digital, PDF file. 
336 |a text  |b txt  |2 rdacontent 
337 |a computer  |b c  |2 rdamedia 
338 |a online resource  |b cr  |2 rdacarrier 
490 1 |a Open-file report ;  |v 2009-1146 
538 |a Mode of access: Internet from the USGS web site. Address as of 7/22/09: http://pubs.usgs.gov/of/2009/1146/pdf/ofr20091146.pdf ; current access available via PURL. 
500 |a Title from title screen (viewed on July 22, 2009). 
504 |a Includes bibliographical references (pages 16-18). 
500 |a Electronic resource. 
650 0 |a Big sagebrush  |x Seeds  |x Viability  |z Great Basin. 
700 1 |a Pyke, David A. 
710 2 |a Geological Survey (U.S.) 
830 0 |a U.S. Geological Survey open-file report ;  |v 2009-1146. 
856 4 0 |u https://purl.fdlp.gov/GPO/LPS115175  |t 0 
999 |a MARS 
999 f f |s 2f0f95e7-3181-3f9c-9443-abf5d7f4aca2  |i 128630b6-9746-374a-95ca-31318c3e5ec5  |t 0 
952 f f |a Texas A&M University  |b College Station  |c Electronic Resources  |d Available Online  |t 0  |e I 19.76:2009-1146  |h Superintendent of Documents classification 
998 f f |a I 19.76:2009-1146  |t 0  |l Available Online